01125 2200289 4500001002100000005001500021035002000036008004100056020002200097041000800119082000800127084001400135100003600149245006200185260003800247300003600285500002300321520028600344650001100630650003800641990002600679990002600705990002600731990002600757990002600783990002600809INLIS00000000000372220221026013413 a0010-0520003722221026 | | eng  a978-0-8133-6453-1 aeng a337 a337 PEA p0 aPeace, Prosperity, and Politics1 aPeace, Prosperity, and Politics /cEdited by John Mueller aColorado :bWestview Press,c2000 avii, 296 p. :billus. ;c23 cm. aIndeks : p.284-296 aIn this book, a group of political scientists, economists, and historians assess the recent transformation of world affairs, arguing that although the prospects for prosperity and peace are high, politics remains important to deal with potentially disruptive and regressive forces. 4aPeace. 4aInternational economic relations. a15482/MKRI-P/XII-2009 a15481/MKRI-P/XII-2009 a15482/MKRI-P/XII-2009 a15481/MKRI-P/XII-2009 a15481/MKRI-P/XII-2009 a15482/MKRI-P/XII-2009